UM Logo

Defending a place in the city : (Record no. 20249)

MARC details
000 -LEADER
fixed length control field 00655nam a22001697a 4500
008 - FIXED-LENGTH DATA ELEMENTS--GENERAL INFORMATION
fixed length control field 240508b ||||| |||| 00| 0 eng d
020 ## - INTERNATIONAL STANDARD BOOK NUMBER
International Standard Book Number 9715502709
082 ## - DEWEY DECIMAL CLASSIFICATION NUMBER
Classification number DFil 363.55
Item number B45 1997
100 ## - MAIN ENTRY--PERSONAL NAME
Personal name Berner, Erhard.
9 (RLIN) 56951
245 ## - TITLE STATEMENT
Title Defending a place in the city :
Remainder of title localities and the struggle for urban land in metro Manila /
Statement of responsibility, etc. Erhard Berner.
260 ## - PUBLICATION, DISTRIBUTION, ETC. (IMPRINT)
Place of publication, distribution, etc. Quezon City :
Name of publisher, distributor, etc. Ateneo de Manila University, Press,
Date of publication, distribution, etc. ©1997.
300 ## - PHYSICAL DESCRIPTION
Extent xx, 243 pages :
Other physical details illustrations ;
Dimensions 23 cm.
500 ## - GENERAL NOTE
General note Includes references and index.
650 ## - SUBJECT ADDED ENTRY--TOPICAL TERM
Topical term or geographic name as entry element Squatter settlements
Geographic subdivision Metro Manila.
9 (RLIN) 57289
650 ## - SUBJECT ADDED ENTRY--TOPICAL TERM
Topical term or geographic name as entry element Housing
Geographic subdivision Metro Manila.
9 (RLIN) 57290
942 ## - ADDED ENTRY ELEMENTS (KOHA)
Source of classification or shelving scheme Dewey Decimal Classification
Koha item type Filipiniana
Holdings
Withdrawn status Lost status Source of classification or shelving scheme Damaged status Not for loan Collection code Home library Current library Date acquired Source of acquisition Total Checkouts Full call number Barcode Date last seen Price effective from Koha item type
    Dewey Decimal Classification     Filipiniana UM Digos College - LIC UM Digos College - LIC 05/20/2004 Purchased   DFil 363.55 B45 1997 17191 05/15/2025 05/08/2024 Filipiniana